1980-1983 Pop Songs by Artist and Lyric - Statistics

General Stats
  • This quiz has been taken 643 times
    568 since last reset
  • The average score is 13 of 23
Answer Stats
Lyric Artist Song Title % Correct
As sure as Kilimanjaro rises like Olympus above the Serengeti Toto Africa
96%
Rising up, straight to the top / Had the guts, got the glory Survivor Eye of the Tiger
92%
Oh-oh, here she comes / Watch out boy / She'll chew you up Hall and Oates Maneater
83%
I get up and nothing gets me down / You got it tough / I've seen the toughest all around Van Halen Jump
77%
Every now and then I get a little bit lonely and you're never coming round Bonnie Tyler Total Eclipse of the Heart
76%
Put on your red shoes and dance the blues David Bowie Let's Dance
73%
It's time to come together / It's up to you, what's your pleasure? / Everyone around the world, come on! Kool and the Gang Celebration
60%
Well, if you told me you were drowning / I would not lend a hand Phil Collins In the Air Tonight
59%
Sister's sighing in her sleep / Brother's got a date to keep / He can't hang around Madness Our House
59%
Nobody's gonna slow me down / Oh, no / I got to keep on movin' Matthew Wilder Break My Stride
55%
Since you've gone / I've been lost without a trace / I dream at night / I can only see your face The Police Every Breath You Take
54%
Suckin' on chili dogs outside the Tastee Freez John Cougar Jack & Diane
54%
She was a fast machine / She kept her motor clean AC/DC You Shook Me All Night Long
54%
I bought a ticket to the world / But now I've come back again Spandau Ballet True
53%
(instrumental piece from the film of the same name) Vangelis Chariots of Fire
52%
Makes me feel so fine / Helps to relieve my mind Marvin Gaye Sexual Healing
47%
The sky was all purple / There were people runnin' everywhere Prince 1999
43%
Give your free will a chance / You've got to want to succeed Yes Owner of a Lonely Heart
41%
It's poetry in motion / She turned her tender eyes to me / As deep as any ocean / As sweet as any harmony Thomas Dolby She Blinded Me With Science
38%
You're wondering who I am / Secret, secret / I've got a secret / Machine or mannequin? Styx Mr. Roboto
37%
Midnight / Not a sound from the pavement Barbra Streisand {Memory}
24%
If you said goodbye to me tonight / There would still be music left to write Billy Joel The {Longest} {Time}
23%
I've been phoning / Night and morning / I heard you say "Tell him I'm not home" Huey Lewis and the News If This Is It
17%
No matching quizzes found
Score Distribution
Percent of People with Each Score
Percentile by Number Answered
Your Score History
You have not taken this quiz since the last reset